Tendances de la conjoncture Graphiques Mensuels

Saved in:
Bibliographic Details
Format: Serial
Language:French
Published: Paris INSEE 1980
Tags: Add Tag
No Tags, Be the first to tag this record!

MARC

LEADER 00000nas2a2200000 4500
001 s123647
005 20250730114222.5
041 0 |a fre 
044 |a FR 
245 1 0 |a Tendances de la conjoncture  |b Graphiques Mensuels 
264 1 |a Paris  |b INSEE  |c 1980 
300 |a 2 zv. 
773 0 |w eu_un_cat*s122689